On This Day: January 22nd Quiz Stats

 Plays Quiz Updated Jan 22, 2018

Challenge
Share
Tweet
Embed
Score 0/7 Timer 03:00
0 Plays Today
Question Answer Wrong Answers
Known as Bloody Sunday, demonstrators in this country are fired upon while attempting to deliver a petition to Nicholas II, beginning the 1905 revolution.
1905
Russia
89.8%
Norway
2.7%
Denmark
4.3%
Netherlands
2.6%
Edward VII is proclaimed King after the death of his mother, Queen ______.
1901
Victoria
84.2%
Mary
5%
Elizabeth
9.2%
Isabella
1.4%
This computer, among the first consumer computers to popularize the computer mouse and the graphical user interface, is introduced during a Super Bowl commercial.
1984
Apple Macintosh
75%
Commodore 64
16.9%
Atari ST
4.5%
Acorn Archimedes
1.1%
The Élysée Treaty of cooperation between France and ______ is signed by Charles de Gaulle and Konrad Adenauer.
1963
Germany
70.8%
Spain
5.2%
Austria
18.6%
Italy
3.6%
This American chef and TV personality, known for his many Food Network shows like ‘Diners, Drive-Ins and Dives’, is born.
1968
Guy Fieri
68.7%
Bobby Flay
9.4%
Gordon Ramsay
8.1%
Anthony Bourdain
11.5%
This man is inaugurated as the President of Bolivia, becoming the country’s first indigenous president.
2006
Evo Morales
30.6%
Hugo Chávez
28.6%
Rafael Correa
16.2%
José Mujica
21.9%
This man becomes the first Labour Prime Minister of the United Kingdom.
1924
Ramsay MacDonald
27.9%
Stanley Baldwin
14.8%
Neville Chamberlain
40.5%
Winston Churchill
15.7%

You're not logged in!

Compare scores with friends on all Sporcle quizzes.
OR
Log In

You Might Also Like...

Show Comments

Extras

Top Quizzes Today


Score Distribution

Your Account Isn't Verified!

In order to create a playlist on Sporcle, you need to verify the email address you used during registration. Go to your Sporcle Settings to finish the process.

Report this User

Report this user for behavior that violates our Community Guidelines.

Details: